[Event "Warsaw zt-B"]
[Site "Warsaw"]
[Date "1987.??.??"]
[Round "?"]
[White "Ftacnik, Lubomir"]
[Black "Farago, Ivan"]
[Result "1/2-1/2"]
[WhiteElo "2540"]
[BlackElo "2535"]

1.d4 Nf6 2.c4 e6 3.Nf3 b6 4.g3 Ba6 5.Qb3 Nc6 6.Nbd2 Na5 7.Qa4 Bb7 8.Bg2 c5
9.dxc5 bxc5 10.O-O Be7 11.Ne5 Bxg2 12.Kxg2 Qb6 13.Ndf3 Qb4 14.Qc2 Qb7 15.Rd1 Nc6
16.Qb3 Qc7 17.Bf4 Nxe5 18.Nxe5 g5 19.Qf3 O-O 20.Nxd7 gxf4 21.Nxf8 Rxf8 22.gxf4 Kh8
23.Kh1 e5 24.f5 Bd6 25.Rg1 e4 26.Qg2 Rg8 27.Qh3 Rxg1+ 28.Rxg1 Bf8 29.Qg3 Qd6
30.a3 a5 31.b3 h5 32.Qxd6 Bxd6 33.Rd1 Bc7 34.Kg2 Kg7 35.h3 Kf8 36.f3 exf3+
37.Kxf3 Ke7 38.Rb1 Bd6 39.Rg1  1/2-1/2

[Event "Zenica"]
[Site "Zenica"]
[Date "1987.??.??"]
[Round "?"]
[White "Groszpeter, Attila"]
[Black "Cebalo, Miso"]
[Result "1/2-1/2"]
[WhiteElo "2505"]
[BlackElo "2480"]

1.d4 Nf6 2.c4 e6 3.Nf3 b6 4.g3 Ba6 5.b3 Bb7 6.Bg2 Bb4+ 7.Bd2 a5 8.Nc3 Ne4
9.Nxe4 Bxe4 10.Bxb4 axb4 11.Qd2 Qe7 12.O-O O-O 13.Ne1  1/2-1/2

[Event "Barcelona Vulca"]
[Site "Barcelona"]
[Date "1988.??.??"]
[Round "9"]
[White "Gual Pascual, Antonio"]
[Black "Campos Lopez, Mario"]
[Result "1/2-1/2"]
[WhiteElo "2385"]
[BlackElo "2330"]

1.d4 Nf6 2.c4 e6 3.Nf3 b6 4.g3 Ba6 5.b3 Bb4+ 6.Bd2 Be7 7.Nc3 d5 8.cxd5 Nxd5
9.Bg2 Nd7 10.Nxd5 exd5 11.O-O O-O 12.Rc1 Re8 13.Rc2 Bd6 14.Bf4 Bxf4 15.gxf4 c5
16.dxc5 Nxc5 17.Ne5 Ne4 18.Qd4 Bb7 19.e3 Rc8 20.Rfc1 Rxc2 21.Rxc2 Nf6 22.Qc3 Qe7
23.Qc7 Kf8 24.a4 Qxc7 25.Rxc7 Re7 26.Rc2 Ne4 27.Nf3 Nc5 28.Nd4 a5 29.Rc1 g6
30.Bf1 Rd7 31.Bb5 Rd6 32.Rb1 Ne6 33.Rd1 Ke7 34.Kf1 Nxd4 35.Rxd4 Rd8 36.Ke2 Rc8
37.Kd2 Rc7 38.h4 Kd6 39.Bd3 f5 40.h5 Ke6 41.hxg6 hxg6 42.b4 Rh7 43.Bb5 Kd6
44.bxa5 bxa5 45.Rd3 Re7 46.Rb3 Kc5 47.Be8 Rxe8 48.Rxb7 d4 49.Rb5+ Kc4 50.exd4 Re4  1/2-1/2

[Event "URS-ch otbor56"]
[Site "Barnaul"]
[Date "1988.??.??"]
[Round "?"]
[White "Shneider, Aleksandr"]
[Black "Kishnev, Sergey"]
[Result "1/2-1/2"]
[WhiteElo "2465"]
[BlackElo "2375"]

1.d4 Nf6 2.Nf3 e6 3.c4 b6 4.g3 Ba6 5.b3 Bb4+ 6.Bd2 Be7 7.Nc3 d5 8.cxd5 exd5
9.Bg2 O-O 10.O-O Bb7 11.Bf4 Na6 12.Ne5 c5 13.dxc5 Nxc5 14.Rc1 a6 15.Be3 Rc8
16.Bh3 Ne6 17.Bxe6 fxe6 18.Bd4 b5 19.Qd3 Ba3 20.Rcd1 Qc7 21.Qe3 Bb4 22.Nb1 Bd6
23.Rc1 Qe7 24.Nd2 Ba3 25.Rxc8 Rxc8 26.Nb1 Bd6 27.Rc1 Rc7 28.Rxc7 Qxc7 29.Qc3 Qxc3  1/2-1/2

[Event "URS-ch otbor56"]
[Site "Barnaul"]
[Date "1988.??.??"]
[Round "?"]
[White "Kishnev, Sergey"]
[Black "Vyzmanavin, Alexey"]
[Result "1/2-1/2"]
[WhiteElo "2375"]
[BlackElo "2565"]

1.d4 Nf6 2.c4 e6 3.Nf3 b6 4.g3 Ba6 5.b3 Bb4+ 6.Bd2 Be7 7.Nc3 d5 8.cxd5 exd5
9.Bg2 O-O 10.O-O Bb7 11.Bf4 Nbd7 12.Qc2 Nh5 13.Bc1 f5 14.Rd1 c6 15.a4 a5
16.e3 Bd6 17.Ba3 Bxa3 18.Rxa3 Qe7 19.Raa1 Nhf6 20.Ne2 Ne4 21.Nf4 Rac8 22.Qb2 Ndf6
23.Ne5 g5 24.Nfd3 c5 25.Rac1 Rfe8 26.f3 Nd6 27.f4 gxf4  1/2-1/2

[Event "Berlin Neukoelln"]
[Site "Berlin-West"]
[Date "1988.??.??"]
[Round "?"]
[White "Zsinka, Laszlo"]
[Black "Hausner, Ivan"]
[Result "1/2-1/2"]
[WhiteElo "2430"]
[BlackElo "2425"]

1.d4 Nf6 2.c4 e6 3.Nf3 b6 4.g3 Ba6 5.b3 d5 6.Qc2 Be7 7.Bg2 O-O 8.O-O c5 9.cxd5 exd5
10.Rd1 Nc6 11.Bb2  1/2-1/2

[Event "Berlin op"]
[Site "Berlin-West"]
[Date "1988.??.??"]
[Round "5"]
[White "Barlov, Dragan"]
[Black "Farago, Ivan"]
[Result "1/2-1/2"]
[WhiteElo "2485"]
[BlackElo "2480"]

1.d4 Nf6 2.c4 e6 3.Nf3 b6 4.g3 Ba6 5.Qb3 Nc6 6.Nbd2 Na5 7.Qa4 Bb7 8.Bh3 c5
9.O-O Be7 10.Re1 cxd4 11.Nxd4 O-O 12.e4 Nc6 13.Nxc6 Bxc6 14.Qc2 Rc8 15.Qd3 Qc7
16.e5 Ne8 17.b3 f6 18.Bb2 Bc5 19.Ne4 Bxe4 20.Rxe4 fxe5 21.Re2 b5 22.cxb5 Rxf2
23.Rxf2 Bxf2+ 24.Kh1 Nf6 25.Qd2 Bb6 26.Re1 Qc2 27.Qxc2 Rxc2 28.Bxe5 Rxa2
29.Bxf6 gxf6 30.Rd1 e5 31.Bxd7 e4 32.Re1 e3 33.Be6+ Kf8 34.Bc4 Ke7 35.Re2 Ra1+
36.Kg2 Kd6 37.Rc2 Rb1 38.Kf3 h6 39.Be2 Rh1 40.Kg2 Re1 41.Kf3 Rh1  1/2-1/2

[Event "Bern"]
[Site "Bern"]
[Date "1988.??.??"]
[Round "?"]
[White "Rajkovic, Dusan"]
[Black "Cebalo, Miso"]
[Result "1/2-1/2"]
[WhiteElo "2495"]
[BlackElo "2515"]

1.d4 Nf6 2.c4 e6 3.Nf3 b6 4.g3 Ba6 5.b3 Bb7 6.Bg2 Bb4+ 7.Bd2 a5 8.O-O O-O
9.Nc3 Ne4 10.Nxe4 Bxe4 11.a3 Bxd2 12.Qxd2 d6 13.Rfd1 Nd7 14.Qe3  1/2-1/2

[Event "Bielsko Biala"]
[Site "Bielsko Biala"]
[Date "1988.??.??"]
[Round "1"]
[White "Meister, Peter"]
[Black "Stempin, Pawel"]
[Result "1-0"]
[WhiteElo "2375"]
[BlackElo "2450"]

1.d4 Nf6 2.c4 e6 3.Nf3 b6 4.g3 Ba6 5.Qa4 Bb7 6.Bg2 c5 7.O-O cxd4 8.Nxd4 Bxg2
9.Kxg2 Qc7 10.f3 a6 11.Rd1 Be7 12.Nb5 Qc6 13.Nd6+ Bxd6 14.Qxc6 Nxc6 15.Rxd6 Ke7
16.Rd1 d5 17.Be3 Rab8 18.Na3 Rhd8 19.Bg1 e5 20.cxd5 Rxd5 21.Nc4 Rxd1 22.Rxd1 Nd7
23.e4 g6 24.Rc1 Nd8 25.Ne3 Kd6 26.Nd5 Rb7 27.b3 Nc6 28.Be3 a5 29.a4 b5 30.Nc3 bxa4
31.bxa4 Rb2+ 32.Kh3 Nb4 33.Nb5+ Ke6 34.Rc8 Rb3 35.Bg5 f6 36.Bh6 Nb6 37.Rc7 Rxf3
38.Bf8 f5 39.Re7+ Kf6 40.Nd6 Nxa4 41.Ne8+ Kg5 42.Rxh7 fxe4 43.Be7+  1-0

[Event "Bielsko Biala"]
[Site "Bielsko Biala"]
[Date "1988.??.??"]
[Round "4"]
[White "Matlak, Marek"]
[Black "Podlesnik, Bogdan"]
[Result "1/2-1/2"]
[WhiteElo "2410"]
[BlackElo "2345"]

1.d4 Nf6 2.Nf3 e6 3.c4 b6 4.g3 Ba6 5.Qa4 c5 6.Bg2 Bb7 7.O-O Be7 8.Rd1 O-O
9.Nc3 a6 10.dxc5 bxc5 11.Bf4 d6 12.Rd2 Qb6 13.Rad1 Rd8 14.Ng5 Bxg2 15.Kxg2 Ne8
16.Nge4 h6 17.g4 Ra7 18.f3 Rad7 19.Be3 Qb7 20.Bf2 Bf6 21.Nxf6+ Nxf6 22.h3 Nc6
23.Bh4 g5 24.Bf2 Ne7 25.Bg3 e5 26.Qc2 Kg7  1/2-1/2

[Event "Bielsko Biala"]
[Site "Bielsko Biala"]
[Date "1988.??.??"]
[Round "11"]
[White "Stempin, Pawel"]
[Black "Podlesnik, Bogdan"]
[Result "1-0"]
[WhiteElo "2450"]
[BlackElo "2345"]

1.d4 Nf6 2.Nf3 e6 3.c4 b6 4.g3 Ba6 5.Nbd2 Bb4 6.Qc2 Bb7 7.Bg2 Be4 8.Qd1 O-O
9.O-O Bxd2 10.Qxd2 a5 11.b3 Qe7 12.Bb2 a4 13.Rfe1 d6 14.Rad1 Nbd7 15.Qc3 c6
16.Bh3 b5 17.Nd2 d5 18.c5 Rfe8 19.b4 Bf5 20.Bg2 Qf8 21.a3 Rad8 22.Nf3 Be4
23.Bc1 Bf5 24.Qb2 Qe7 25.Bf4 Ne4 26.Ne5 Nxe5 27.dxe5 h6 28.f3 Ng5 29.g4 Bg6
30.h4 Nxf3+ 31.exf3 Qxh4 32.Be3 f5 33.exf6 gxf6 34.Qf2 Qxf2+ 35.Kxf2 h5 36.gxh5 Bxh5
37.Rh1 Bg6 38.Rh6 Kf7 39.Bh3 Rg8 40.Rg1 e5 41.f4 d4 42.Bc1 Be4 43.fxe5 fxe5
44.Be6+  1-0

[Event "Texta"]
[Site "Budapest"]
[Date "1988.??.??"]
[Round "?"]
[White "Tatai, Stefano"]
[Black "Farago, Ivan"]
[Result "1/2-1/2"]
[WhiteElo "2365"]
[BlackElo "2480"]

1.d4 Nf6 2.c4 e6 3.Nf3 b6 4.g3 Ba6 5.b3 d5 6.Bg2 dxc4 7.Ne5 Bb4+ 8.Kf1 Nfd7
9.Nxc4 c6 10.Bb2 O-O 11.Nbd2 b5 12.Ne3 Be7 13.Bf3 Bb7 14.Kg2 Qb6 15.Qc2 a5
16.a3 Na6 17.Rhd1 Rac8 18.Rac1 Nf6 19.Ne4 Nd5 20.Nc5 Nxc5 21.dxc5 Nxe3+ 22.fxe3 Qc7
23.Qe4 Rcd8 24.b4 axb4 25.axb4 Rxd1 26.Rxd1 Rd8 27.Be5 Qc8 28.Rxd8+  1/2-1/2

[Event "Budapest"]
[Site "Budapest"]
[Date "1988.??.??"]
[Round "?"]
[White "Lukacs, Peter"]
[Black "Wahls, Matthias"]
[Result "1/2-1/2"]
[WhiteElo "2490"]
[BlackElo "2440"]

1.d4 Nf6 2.c4 e6 3.Nf3 b6 4.g3 Ba6 5.b3 Bb4+ 6.Bd2 Bxd2+ 7.Qxd2 O-O 8.Bg2 d5
9.Nc3 c6 10.Ne5 Nfd7 11.O-O Nxe5 12.dxe5 Nd7 13.f4 Qe7 14.Rfd1 Rad8 15.cxd5 exd5
16.e4 dxe4 17.Qd6 Qxd6 18.Rxd6 f5 19.Rad1 Bd3 20.Rxc6 Rc8 21.Rxc8 Rxc8 22.Nd5 Kf7
23.Ne3 g6 24.g4 fxg4 25.Bxe4 Bxe4 26.Rxd7+ Ke6 27.Rxa7 g5 28.fxg5 Kxe5 29.Nc4+ Kf4
30.Rf7+  1/2-1/2

[Event "BUL-ch"]
[Site "BUL"]
[Date "1988.??.??"]
[Round "?"]
[White "Inkiov, Ventzislav"]
[Black "Kolev, Atanas"]
[Result "1/2-1/2"]
[WhiteElo "2490"]
[BlackElo "2395"]

1.d4 Nf6 2.c4 e6 3.Nf3 b6 4.g3 Ba6 5.Qa4 Bb7 6.Bg2 c5 7.O-O cxd4 8.Nxd4 Bxg2
9.Kxg2 Qc7 10.Rd1 a6 11.Nc3 Be7 12.Bg5 O-O 13.Ne4 Nxe4 14.Bxe7 Rc8 15.Ba3 Nc5
16.Qc2 Qb7+ 17.Nf3 Ne4 18.Qd3 b5 19.b3 Ng5 20.Rac1 bxc4 21.bxc4 Nxf3 22.exf3 a5
23.Qd4 f6 24.Rb1 Qc7 25.Bd6 Nc6 26.Bxc7 Nxd4 27.Bb6 Nc6 28.Rxd7 Ne5 29.Re7 Nxc4
30.Ba7 Re8 31.Rxe8+ Rxe8 32.a4 Re7 33.Bc5 Rc7 34.Rb5 Kf7 35.f4 h5 36.h4 g6
37.Kf3 Nb2 38.Bb6 Rc3+ 39.Kg2 Nxa4 40.Bxa5 Rc8 41.Rb7+ Kf8 42.Bb4+ Nc5  1/2-1/2

[Event "Bytom"]
[Site "Bytom"]
[Date "1988.??.??"]
[Round "5"]
[White "Bogdanovski, Vlatko"]
[Black "Kazek, Krzysztof"]
[Result "1/2-1/2"]
[WhiteElo "2460"]
[BlackElo "2245"]

1.d4 Nf6 2.c4 e6 3.Nf3 b6 4.g3 Ba6 5.Qb3 Nc6 6.Nbd2 Na5 7.Qa4 c5 8.Bg2 Bb7
9.O-O Be7 10.Re1 cxd4 11.b4 Nc6 12.b5 Nb8 13.Nxd4 Bxg2 14.Kxg2 O-O 15.e4 d6
16.Ba3 Qc7 17.Bb4 Nfd7 18.Qa3 a5 19.N4b3 Ne5 20.Bc3 Nbd7 21.Qa4 Bf6 22.Bd4 Qb7
23.Rad1 g5 24.f3 Rac8 25.Re3  1/2-1/2

[Event "Caorle op"]
[Site "Caorle"]
[Date "1988.??.??"]
[Round "6"]
[White "Gigerl, Erich"]
[Black "Grooten, Herman"]
[Result "0-1"]
[WhiteElo "2225"]
[BlackElo "2325"]

1.d4 Nf6 2.c4 e6 3.Nf3 b6 4.g3 Ba6 5.Qa4 Bb7 6.Bg2 c5 7.O-O cxd4 8.Rd1 Bc5
9.b4 Be7 10.Nxd4 Bxg2 11.Kxg2 Qc7 12.Nd2 Qb7+ 13.f3 Na6 14.a3 Ng4 15.Qb3 O-O
16.e4 Ne5 17.Bb2 d6 18.Rac1 Rad8 19.f4 Nd7 20.Re1 Rfe8 21.N2f3 Nab8 22.Rcd1 a6
23.f5 e5 24.Nc2 Nf6 25.Nd2 b5 26.Qd3 bxc4 27.Nxc4 d5 28.Nxe5 dxe4 29.Qc4 Bd6
30.Ne3 Bxe5 31.Rxd8 Bxb2 32.Rxe8+ Nxe8 33.Rd1 Nd7 34.Nd5 Ndf6 35.Nxf6+ Bxf6
36.Qd5 Qe7 37.Qc6 e3 38.Kf3 h5 39.Qxa6 Qe5 40.Qd3 Bg5 41.h4 Bh6 42.Qe4 Qb8
43.Qd4 Qc8 44.Qd3 Kh7 45.Kg2 Nf6 46.Rf1 Qb7+ 47.Kh3 Ne4 48.f6 g6 49.Qe2 Qd7+
50.Kh2 Qd6 51.Rf3 Qd2 52.Qxd2 exd2 53.Rd3 Nf2 54.Rd7 d1=Q 55.Rxd1 Nxd1 56.Kg2 Nc3
57.Kf3 Bc1  0-1

[Event "CUB-ch"]
[Site "?"]
[Date "1988.??.??"]
[Round "?"]
[White "Borges Mateos, Juan"]
[Black "Rodriguez, Amador"]
[Result "1/2-1/2"]
[WhiteElo "2535"]
[BlackElo "2550"]

1.d4 Nf6 2.c4 e6 3.Nf3 b6 4.g3 Ba6 5.b3 Bb4+ 6.Bd2 Be7 7.Bg2 Bb7 8.O-O O-O
9.Bc3 Na6 10.Nbd2 c5  1/2-1/2

[Event "Dieren op"]
[Site "Dieren"]
[Date "1988.??.??"]
[Round "3"]
[White "Langeweg, Kick"]
[Black "Farago, Ivan"]
[Result "1/2-1/2"]
[WhiteElo "2360"]
[BlackElo "2480"]

1.d4 Nf6 2.c4 e6 3.Nf3 b6 4.g3 Ba6 5.Nbd2 Bb4 6.Qb3 c5 7.Bg2 Nc6 8.dxc5 bxc5
9.O-O O-O 10.Qc2 Rc8 11.Nb3  1/2-1/2

[Event "DSV-Turnier"]
[Site "Dresden"]
[Date "1988.??.??"]
[Round "?"]
[White "Boensch, Uwe"]
[Black "Dautov, Rustem"]
[Result "0-1"]
[WhiteElo "2510"]
[BlackElo "2525"]

1.d4 Nf6 2.c4 e6 3.Nf3 b6 4.g3 Ba6 5.b3 d5 6.Bg2 Bb4+ 7.Bd2 Be7 8.Bg5 O-O
9.Nbd2 h6 10.Bxf6 Bxf6 11.e4 c5 12.e5 Be7 13.O-O Nc6 14.dxc5 Bxc5 15.Re1 dxc4
16.bxc4 Rc8 17.Bf1 Qc7 18.Qa4 Bb7 19.Nb3 Bb4 20.Re3 Rfd8 21.a3 Bf8 22.h4 Rd7
23.Rc1 a6 24.c5 b5 25.Qg4 Rd5 26.Bg2 Rcd8 27.Ne1 Rxe5 28.Qf4 g5 29.hxg5 hxg5
30.Qg4 Bg7 31.Nc2 Rxe3 32.Nxe3 Ne5 33.Qxg5 Bxg2 34.Kxg2 Rd3 35.Rb1 Qc6+ 36.Kh3 Rxb3
37.Qd8+ Kh7 38.Qh4+ Bh6  0-1

[Event "DSV-Turnier"]
[Site "Dresden"]
[Date "1988.??.??"]
[Round "?"]
[White "Dautov, Rustem"]
[Black "Romanishin, Oleg M"]
[Result "1-0"]
[WhiteElo "2525"]
[BlackElo "2550"]

1.d4 Nf6 2.Nf3 e6 3.c4 b6 4.g3 Ba6 5.b3 Bb7 6.Bg2 Bb4+ 7.Bd2 a5 8.O-O O-O
9.Qc2 Re8 10.a3 Bxd2 11.Nbxd2 d5 12.cxd5 exd5 13.Rac1 Na6 14.e3 c5 15.Rfd1 Qe7
16.Qb2 Nc7 17.Nb1 Ne6 18.Nc3 Rab8 19.b4 cxb4 20.axb4 Qxb4 21.Qxb4 axb4 22.Na2 b3
23.Nb4 Ne4 24.Nd2 Ra8 25.Nxb3 Ra4 26.Nc6 Ra2 27.Bxe4 dxe4 28.d5 Nf8 29.Nbd4 Bxc6
30.dxc6 Ne6 31.c7 Raa8 32.Nf5 Kf8 33.Nd6 Rec8 34.Nxc8 Rxc8 35.Rd7 Ke8 36.Rd6 Kf8
37.Rc4 b5 38.Rxe4 Rxc7 39.Rb6  1-0

[Event "NZD-ch"]
[Site "Dunedin"]
[Date "1988.??.??"]
[Round "?"]
[White "Stuart, Peter"]
[Black "Small, Vernon A"]
[Result "1/2-1/2"]
[WhiteElo "2225"]
[BlackElo "2355"]

1.d4 Nf6 2.c4 e6 3.Nf3 b6 4.g3 Ba6 5.b3 Bb7 6.Bg2 Bb4+ 7.Bd2 a5 8.O-O O-O
9.Bg5 a4 10.bxa4 d6 11.Qb3 Ba5 12.Na3 h6 13.Bxf6 Qxf6 14.Rfd1 Re8 15.c5 dxc5
16.dxc5 Na6 17.cxb6 Nc5 18.Qe3 Bxb6 19.Nc4 Ba7 20.Qe5 Nxa4 21.Qxf6 gxf6 22.Nh4 Bxg2
23.Kxg2 Red8 24.Rxd8+ Rxd8 25.Rc1 Rd5 26.Nf3 Rc5 27.Rc2 Kf8 28.Nfd2 Nb6 29.Ne3 Nd5
30.Rxc5 Nxe3+ 31.fxe3 Bxc5 32.Kf3  1/2-1/2

[Event "Eger op"]
[Site "Eger"]
[Date "1988.??.??"]
[Round "?"]
[White "Kiss, Pal"]
[Black "Butnorius, Algimantas"]
[Result "0-1"]
[WhiteElo "2300"]
[BlackElo "2420"]

1.d4 Nf6 2.c4 e6 3.Nf3 b6 4.g3 Ba6 5.b3 Bb4+ 6.Bd2 Be7 7.Nc3 d5 8.cxd5 exd5
9.Bg2 O-O 10.O-O Bb7 11.Ne5 Na6 12.Be3 Re8 13.Rc1 Ba3 14.Rc2 Bd6 15.Bf4 Ne4
16.Nd3 Bxf4 17.Nxe4 dxe4 18.Nxf4 Nb4 19.Rd2 Nd5 20.Nxd5 Bxd5 21.e3 a5 22.Qc2 Re6
23.Rc1 c6 24.Bf1 Qg5 25.Bc4 Rd8 26.Qd1 h5 27.h4 Qf5 28.Rdc2 Rf6 29.Qf1 Rdd6
30.Bxd5 cxd5 31.Kh2 Rg6 32.Qh3 Rg4 33.Rc8+ Kh7 34.R1c2 Rf6 35.Re8 Re6 36.Rd8 Rf6
37.Re8 Qd7 38.Re5 Rf5 39.Rxf5 Qxf5 40.Rc7 Qxf2+ 41.Qg2 Qxe3 42.Rxf7 Qxd4
43.Qf1 Qe5  0-1

[Event "Esbjerg-B"]
[Site "Esbjerg"]
[Date "1988.??.??"]
[Round "11"]
[White "Rewitz, Poul"]
[Black "Rodgaard, John"]
[Result "1-0"]
[WhiteElo "2245"]
[BlackElo "2380"]

1.d4 e6 2.c4 Nf6 3.Nf3 b6 4.g3 Ba6 5.b3 Bb4+ 6.Bd2 Be7 7.Bg2 Bb7 8.Nc3 O-O
9.O-O c5 10.d5 exd5 11.Nxd5 Nxd5 12.Ne1 d6 13.cxd5 Bf6 14.Rc1 Nd7 15.Nd3 a5
16.a4 Ba6 17.Bf4 Qe7 18.Re1 Ra7 19.e4 Bd4 20.Be3 Bxe3 21.Rxe3 b5 22.axb5 Bxb5
23.f4 a4 24.e5 axb3 25.Qxb3 Rb8 26.Qc3 Bxd3 27.Qxd3 Rba8 28.Qc3 Rc7 29.Rce1 Nf8
30.f5 Rb8 31.f6 gxf6 32.exf6 Qd8 33.Re8 Qxe8 34.Rxe8 Rxe8 35.Qc1 Re5 36.Qh6 Ne6
37.Bf3 c4 38.dxe6 fxe6 39.Bh5 c3 40.f7+ Rxf7 41.Bxf7+ Kxf7 42.Qxh7+ Kf6 43.Qc2 Rc5
44.h4 Rc8 45.g4 d5 46.g5+ Ke7 47.h5 d4 48.h6 d3 49.Qxd3 c2 50.Qa3+ Kf7 51.Qc1 Kg6
52.Kf2 e5 53.Ke2 e4 54.Kd2 Kxg5 55.h7 Kg6 56.Qb2 c1=Q+ 57.Qxc1 Rxc1 58.h8=Q Rc7
59.Qe5 Rd7+ 60.Ke3 Kf7 61.Qf5+ Ke7 62.Kxe4 Kd6 63.Qd5+ Ke7 64.Qc6 Rd6 65.Qc5 Kd7
66.Ke5 Rh6 67.Qa7+ Kd8 68.Qg7 Ra6 69.Qf8+ Kd7 70.Qf7+ Kc6 71.Qc4+ Kb7 72.Kd5 Rb6
73.Qe4 Rc6 74.Qg2 Kc7 75.Qg7+ Kb6 76.Qe7 Rc2 77.Qe3+ Kc7 78.Qg3+ Kc8 79.Qh3+  1-0

[Event "Frunze"]
[Site "Frunze"]
[Date "1988.??.??"]
[Round "?"]
[White "Timoshchenko, Gennadi A"]
[Black "Aseev, Konstantin N"]
[Result "1/2-1/2"]
[WhiteElo "2455"]
[BlackElo "2445"]

1.d4 Nf6 2.c4 e6 3.Nf3 b6 4.g3 Ba6 5.b3 Bb4+ 6.Bd2 Be7 7.Nc3 d5 8.cxd5 exd5
9.Bg2 O-O 10.O-O Bb7 11.Qc2 Re8 12.Rad1 Na6 13.Bf4 Qd7 14.Be5 Rad8 15.Ng5 g6
16.Bh3 Qc6 17.Qd2 Nh5 18.Nf3 f6 19.Bf4 Nxf4 20.gxf4 Bb4 21.Rc1 Qd6 22.e3 Qe7
23.Qd3 c6 24.Kh1 Kh8 25.Rg1 Nc7 26.Rg3 Rg8 27.Rcg1 c5 28.Rc1 Ne8 29.Ne2 Nd6
30.Rg2 Ne4 31.Qc2 c4 32.Ng3 b5 33.Ng1 cxb3 34.Qxb3 Nd2 35.Qd3 Nc4 36.N1e2 a5
37.Rgg1 Bd6 38.Bg2 Rc8 39.Nc3 Qd7 40.Nxd5 Ba3 41.Nxf6 Bxg2+ 42.Rxg2 Qe6 43.Nxg8 Bxc1
44.d5 Qxg8 45.Qc3+ Qg7 46.Qxc1 b4 47.f3 Nb6 48.Qd1 a4 49.d6 Qc3 50.Re2 b3
51.axb3 axb3 52.Ne4 Qc1 53.Qxc1 Rxc1+ 54.Kg2 Rc2 55.Kf2 b2 56.Nc3 Rxc3 57.Rxb2 Rc6
58.Rd2 Nd7 59.e4 Kg7 60.e5 Kf7 61.Ra2 Rc8 62.h4 Ke6 63.Ra7 Rb8  1/2-1/2

[Event "Frunze"]
[Site "Frunze"]
[Date "1988.??.??"]
[Round "?"]
[White "Neverov, Valeriy"]
[Black "Aseev, Konstantin N"]
[Result "1/2-1/2"]
[WhiteElo "2440"]
[BlackElo "2445"]

1.d4 Nf6 2.c4 e6 3.Nf3 b6 4.g3 Ba6 5.b3 Bb4+ 6.Bd2 Be7 7.Bg2 d5 8.cxd5 exd5
9.O-O O-O 10.Nc3 Bb7 11.Qc2 Re8 12.Bf4 Na6 13.Rad1 Qd7 14.Be5 Rad8 15.Ng5 g6
16.Bh3 Qc6 17.Nf3 Ne4 18.Rc1 Qxc3 19.Qxc3 Nxc3 20.Rxc3 c5 21.Rcc1 f6 22.Bf4 Bc8
23.Bg2 Bf8 24.Be3 Be6 25.dxc5 bxc5 26.Bd2 Bf7 27.e3 Rb8 28.Rfd1 Nb4 29.Bxb4 Rxb4
30.Ne1 c4 31.Bxd5 Bxd5 32.Rxd5 cxb3 33.Nd3 Rb7 34.axb3 Rxb3 35.Rc7 Re7 36.Rc8 Kf7
37.Nf4 Rbb7 38.Ra8 Re8 39.Rxe8 Kxe8 40.Kg2 Bb4 41.Nd3 Be7 42.Ra5 Bd8 43.Ra6 Bb6
44.Kf3 Kd7 45.Nb4 Kd6 46.e4 f5 47.Nd5 Ke5 48.Nxb6 fxe4+ 49.Ke3 axb6 50.Ra4 Re7
51.Rxe4+ Kd6 52.Rxe7 Kxe7 53.f4 Ke6 54.Ke4 b5 55.g4  1/2-1/2

[Event "Frunze"]
[Site "Frunze"]
[Date "1988.??.??"]
[Round "?"]
[White "Vladimirov, Evgeny"]
[Black "Dautov, Rustem"]
[Result "1/2-1/2"]
[WhiteElo "2540"]
[BlackElo "2525"]

1.d4 Nf6 2.c4 e6 3.Nf3 b6 4.g3 Ba6 5.Nbd2 c5 6.Bg2 Nc6 7.Ne5 Nxd4 8.Bxa8 Qxa8
9.O-O Be7 10.b3 d6 11.Nef3 Nxf3+ 12.Nxf3 Qc6 13.Bb2 Bb7 14.h3 O-O 15.Qc2 Ne4
16.Kh2 f5 17.Rad1 g5 18.Qc1 Rf7 19.Qe3 g4 20.Ne1 Bg5 21.f4 gxf3 22.Qxf3 Nd2
23.Qxc6 Nxf1+ 24.Kg1 Bxc6 25.Rxd6 Nxg3 26.Rxc6 Nxe2+ 27.Kf1 Nf4 28.Nf3 Bf6
29.Bc1 e5 30.Bxf4 exf4 31.Ne1 Bd4 32.Ng2 Be3 33.Ke2 Bc1 34.Kf3 Re7 35.Rf6 Re5
36.Nxf4 Re3+ 37.Kg2 Rc3 38.Ne6 h5 39.Rf8+ Kh7 40.Rxf5 Rc2+ 41.Rf2 Rxf2+ 42.Kxf2 Kg6
43.Kf3 Kf5 44.Ng7+ Kg5 45.a4 Bd2 46.Ne8 Kf5 47.Ng7+  1/2-1/2

[Event "Peer Gynt"]
[Site "Gausdal"]
[Date "1988.??.??"]
[Round "?"]
[White "Inkiov, Ventzislav"]
[Black "Ostenstad, Berge"]
[Result "1-0"]
[WhiteElo "2485"]
[BlackElo "2405"]

1.d4 Nf6 2.c4 e6 3.Nf3 b6 4.g3 Ba6 5.Qa4 Bb7 6.Bg2 c5 7.O-O cxd4 8.Nxd4 Bxg2
9.Kxg2 Qc8 10.Rd1 Na6 11.Nc3 Nc5 12.Qc2 a6 13.Bg5 Be7 14.Rac1 d6 15.Bxf6 Bxf6
16.b4 Bxd4 17.Rxd4 Nb7 18.Ne4 Qc6 19.b5 Qc7 20.Qd2 Rd8 21.bxa6 Nc5 22.Rd1 Nxe4
23.Rxe4 O-O 24.Rd4 Ra8 25.Rxd6 Rxa6 26.Qb4 Rxa2 27.Rxb6 Rc2 28.Rd4 Qe5 29.Rf4 g5
30.Rf3 h6 31.Rb7 Rxe2 32.Qb5 Qe4 33.Rxf7 Rxf7 34.Qe8+ Kh7 35.Qxf7+ Kh8 36.h3 Rc2
37.Qf8+ Kh7 38.Kh2  1-0

[Event "Regional-Liga NN"]
[Site "Germany"]
[Date "1988.??.??"]
[Round "?"]
[White "Stelting, Thorsten"]
[Black "Neumann, Joachim"]
[Result "1/2-1/2"]
[WhiteElo "2265"]
[BlackElo "2210"]

1.d4 Nf6 2.Nf3 e6 3.c4 b6 4.g3 Ba6 5.Qa4 c5 6.Bg2 Bb7 7.dxc5 bxc5 8.Nc3 Be7
9.O-O O-O 10.Bf4 Qb6 11.Rfd1 d6 12.Qb3 Rd8 13.Qxb6 axb6 14.Nb5 Ne8 15.Rd2 Bc6
16.Nc3 Nd7 17.Rad1 Ndf6 18.a3 Ne4 19.Nxe4 Bxe4 20.Ng5 Bxg2 21.Kxg2 e5 22.Be3 Bxg5
23.Bxg5 f6 24.Be3 Kf7 25.Rd3 Ra4 26.Rc3 Ke7 27.Bc1 Nc7 28.b3 Raa8 29.f4 Ne6
30.Kf2 Nd4 31.b4 cxb4 32.axb4 Ra2 33.Rd2 Rda8 34.Bb2 R2a4 35.fxe5 fxe5 36.c5 bxc5
37.bxc5 Nb5 38.cxd6+ Nxd6 39.Rc7+ Ke6 40.Rc6 Rd8 41.Rd3 Ra5 42.e4 Ra2 43.Rb3 Rc8
44.Rxc8 Nxc8 45.Kf3 Nd6 46.Rb4 Ra5 47.h4 Rb5 48.Rxb5 Nxb5 49.g4 Nd6 50.Ba3 Nc4
51.Bf8 Kf7 52.Bb4 Ke6 53.Ke2  1/2-1/2

[Event "BL2-N8788"]
[Site "Germany"]
[Date "1988.??.??"]
[Round "?"]
[White "Teschner, Rudolf"]
[Black "Joecks, Christian"]
[Result "0-1"]
[WhiteElo "2290"]
[BlackElo "2300"]

1.Nf3 Nf6 2.c4 e6 3.d4 b6 4.g3 Ba6 5.b3 Bb4+ 6.Bd2 Be7 7.Nc3 O-O 8.Bg2 c6
9.O-O d5 10.cxd5 cxd5 11.Ne5 Nfd7 12.Nxd5 exd5 13.Nxf7 Rxf7 14.Bxd5 Nc6 15.Bxc6 Rc8
16.Bd5 Nf6 17.Bxf7+ Kxf7 18.Bg5 Qd5 19.Qd2 Kg8 20.Bxf6 Bxf6 21.Rad1 Bg5 22.Qb2 Re8
23.Rfe1 Bb7 24.f3 Be3+ 25.Kg2 g5 26.Qc3 Ba6 27.h3 h5 28.Qc2 Re6 29.g4 h4
30.Qc7 Re8 31.Rd3 Bxd3 32.exd3 Qxd4 33.Qc4+ Qxc4 34.dxc4 Kf7 35.Rd1 Bc5 36.Rd7+ Re7
37.Rxe7+ Kxe7 38.f4 gxf4 39.Kf3 Bd6 40.a3 Kf6 41.Ke4 Bxa3 42.Kxf4 Bc1+ 43.Ke4 Ke6
44.Kd4 Kd6 45.b4 Bb2+ 46.Ke4 Bc3 47.b5 Kc5 48.Kd3 Bf6  0-1

[Event "Groningen op"]
[Site "Groningen"]
[Date "1988.??.??"]
[Round "?"]
[White "Crawley, Gavin"]
[Black "Kohlweyer, Bernd"]
[Result "0-1"]
[WhiteElo "2380"]
[BlackElo "2325"]

1.d4 Nf6 2.c4 e6 3.Nf3 b6 4.g3 Ba6 5.Qc2 c5 6.d5 exd5 7.cxd5 Bb7 8.e4 Qe7
9.Bg2 Qxe4+ 10.Qxe4+ Nxe4 11.O-O Bxd5 12.Re1 Be7 13.Nh4 Nf6 14.Nf5 Nc6 15.Nxg7+ Kd8
16.Nc3 Bxg2 17.Kxg2 Nd4 18.Rxe7 Kxe7 19.Bg5 Rhg8 20.Ne4 Rxg7 21.Bxf6+ Kf8
22.Bxg7+ Kxg7 23.Nd6 a6 24.Re1 Kf8 25.g4 Nb5 26.Nf5 Rd8 27.Re3 d5 28.Rh3 Nd6
29.Nxd6 Rxd6 30.Rxh7 d4 31.Kf1 d3 32.Ke1 Re6+ 33.Kd1 Re2 34.b3 Rxa2 35.Rh6 b5
36.f4 Rb2 37.Rc6 Rxb3 38.Rxc5 a5 39.f5 a4 40.f6 Kg8 41.Rg5+ Kf8 42.Rc5 Ke8
43.g5 a3 44.Rc8+ Kd7 45.g6 a2  0-1

[Event "Haninge"]
[Site "Haninge"]
[Date "1988.??.??"]
[Round "?"]
[White "Schussler, Harry"]
[Black "Polugaevsky, Lev"]
[Result "1/2-1/2"]
[WhiteElo "2490"]
[BlackElo "2575"]

1.d4 Nf6 2.c4 e6 3.Nf3 b6 4.g3 Ba6 5.b3 Bb7 6.Bg2 Bb4+ 7.Bd2 a5 8.O-O O-O
9.Bc3 d5 10.Ne5 Nbd7 11.Nd3 Be7 12.Bb2 Qc8 13.cxd5 Bxd5 14.Bxd5 Nxd5 15.Nc3 Nxc3
16.Bxc3 Qb7 17.Qc2 Rfd8 18.Rac1 Rac8  1/2-1/2

[Event "Haninge"]
[Site "Haninge"]
[Date "1988.??.??"]
[Round "?"]
[White "Agdestein, Simen"]
[Black "Wedberg, Tom"]
[Result "1-0"]
[WhiteElo "2560"]
[BlackElo "2475"]

1.d4 Nf6 2.c4 e6 3.Nf3 b6 4.g3 Ba6 5.Nbd2 Bb7 6.Bg2 c5 7.e4 cxd4 8.Nxd4 Bb4
9.Qe2 O-O 10.O-O Nc6 11.N2b3 Rc8 12.Rd1 a6 13.Bf4 Be7 14.Rd2 Bb4 15.Nxc6 Bxc6
16.Rd4 Ne8 17.Rad1 Qe7 18.e5 Rc7 19.Bxc6 dxc6 20.a3 Bc5 21.Rd6 Rb7 22.Nxc5 bxc5
23.Rxc6 Rb3 24.Rd3 Qb7 25.Rxb3 Qxc6 26.Qf3 Qa4 27.Rc3 f6 28.exf6 Rxf6 29.Qe4 h6
30.Kg2 Qd1 31.h3 a5 32.Qc6 Kf7 33.Qxc5 Rf5 34.Qa7+ Kg6 35.Qe7 Nf6 36.Qxe6 Qb1
37.Rf3  1-0

[Event "JUG-ch"]
[Site "?"]
[Date "1988.??.??"]
[Round "?"]
[White "Paunovic, Dragan"]
[Black "Maksimovic, Branimir"]
[Result "1/2-1/2"]
[WhiteElo "2400"]
[BlackElo "2400"]

1.d4 Nf6 2.c4 e6 3.Nf3 b6 4.g3 Ba6 5.Qb3 Nc6 6.Nbd2 Na5 7.Qa4 Bb7 8.Bg2 c5
9.dxc5 bxc5 10.O-O Be7 11.Ne5 Bxg2 12.Kxg2 Qb6 13.Ndf3 Rc8 14.Bg5 Nc6 15.Rfd1 d6
16.Bxf6 gxf6 17.Nxc6 Qxc6 18.Qxc6+ Rxc6 19.e4 Rb6 20.b3 Kd7 21.Ne1 a5 22.Nd3 Kc6
23.Nb2 Rbb8 24.Rd3 Rhg8 25.Rad1 Rg5 26.f4 Rh5 27.Na4 f5 28.e5 Rd8 29.Nc3 Rh6
30.Nb5 d5 31.Nd6 Bxd6 32.cxd5+ Kc7 33.exd6+ Rxd6 34.dxe6 Rhxe6 35.Kf3 Rxd3+
36.Rxd3 Kc6 37.Rd8 Re1 38.Rc8+ Kb6 39.Rb8+ Kc6 40.Ra8 Kb6 41.Rb8+ Kc6  1/2-1/2